Memoria sobre los depósitos carboníferos de Utrillas y Gargallo / (Record no. 21926)

MARC details
000 -LEADER
campo de control de longitud fija 00745nam a2200181 i 4500
001 - NÚMERO DE CONTROL
campo de control 21926
003 - IDENTIFICADOR DE NÚMERO DE CONTROL
campo de control ES-MaACL
005 - FECHA Y HORA DE LA ÚLTIMA TRANSACCIÓN
campo de control 20230906152555.0
007 - CAMPO FIJO DE DESCRIPCIÓN FÍSICA--INFORMACIÓN GENERAL
campo de control de longitud fija t|
008 - DATOS DE LONGITUD FIJA--INFORMACIÓN GENERAL
campo de control de longitud fija 021128s1862 sp ||||1| spa d
100 1# - ENTRADA PRINCIPAL--NOMBRE DE PERSONA
Nombre de persona Aldana, Lucas de.
9 (RLIN) 19606
245 10 - MENCIÓN DEL TÍTULO
Título Memoria sobre los depósitos carboníferos de Utrillas y Gargallo /
Mención de responsabilidad, etc. Lucas de Aldana.
260 ## - PUBLICACIÓN, DISTRIBUCIÓN, ETC.
Lugar de publicación, distribución, etc. Madrid :
Nombre del editor, distribuidor, etc. [s.n.],
Fecha de publicación, distribución, etc. 1862 (
Fabricante Oficina tipográfica del Hospicio)
300 ## - DESCRIPCIÓN FÍSICA
Extensión 28 p., [2] h. pleg. de lám., [1] h. pleg. de mapa ;
Dimensiones 22 cm.
650 #4 - PUNTO DE ACCESO ADICIONAL DE MATERIA--TÉRMINO DE MATERIA
Término de materia o nombre geográfico como elemento de entrada Carbón-
Subdivisión general Geología-
Subdivisión geográfica Teruel (Provincia)
9 (RLIN) 156098
852 ## - LOCALIZACIÓN
Ubicación ES-MaACL
Número de control de estantería T-191-F-4
852 ## - LOCALIZACIÓN
Ubicación ES-MaACL
Número de control de estantería T-892-F-8
Nota libre .- Sello del Ministerio de Fomento, Depósito de Libros
-- .- Enc. en un vol. facticio conservando la cub. original
Holdings
Estatus retirado Estado de pérdida Estado de daño No para préstamo Colección Biblioteca de origen Biblioteca actual Ubicación en estantería Fecha de adquisición Fuente de adquisición Total de préstamos Signatura topográfica completa Código de barras Visto por última vez Precio de reemplazo Tipo de ítem Koha
        Colección de folletos Biblioteca del Ateneo de Madrid Biblioteca del Ateneo de Madrid Depósito folletos 17/01/2008     T-892-F-8 1022535 23/02/2023 23/02/2023 Folleto
        Colección de folletos Biblioteca del Ateneo de Madrid Biblioteca del Ateneo de Madrid Depósito folletos 17/01/2008     T-191-F-4 1022534 23/02/2023 23/02/2023 Folleto